| 000 | 01521cam a2200277 a 4500 | ||
|---|---|---|---|
| 005 | 20260327061021.0 | ||
| 008 | 971113s1998 cau b 001 0 eng | ||
| 020 | _a076190350X | ||
| 020 | _a0761903518 | ||
| 020 | _a9780761903512 (pbk.) | ||
| 082 | 0 | 0 | _a306.7 HOL |
| 100 | 1 | _aHolmberg, Carl Bryan. | |
| 245 | 1 | 0 |
_aSexualities and popular culture / _cCarl B. Holmberg. |
| 260 |
_aThousand Oaks : _bSage Publications, _c1998. |
||
| 300 |
_axvii, 297 p. ; _c24 cm. |
||
| 365 | _bRs. 1165/15 | ||
| 490 | 1 |
_aFoundations of popular culture ; _v6 |
|
| 504 | _aIncludes bibliographical references (p. 269-278) and index. | ||
| 505 | 0 | _aPopular culture -- Communication and media -- Popular culture studies -- Sex, gender, and sexual orientation -- Over the edge : taboos and sexualized, transgressive interpretive communities -- Prehistoric and historic texts from around the world -- Historic texts of beauty : the problematics of art, erotica, and pornography -- The horror of sex -- Sexual humors and the flirtatious alchemy of gaiety and gravity -- After the beat : popular music -- Gesture, body image, and the fashion of sex toys. | |
| 650 | 0 | _aSex in popular culture. | |
| 650 | 0 | _aPrehistoric and Historic Texts from around the World | |
| 830 | 0 |
_aFoundations of popular culture ; _vvol. 6. |
|
| 856 | 4 | 2 |
_3Publisher description _uhttp://www.loc.gov/catdir/enhancements/fy0655/97045333-d.html |
| 856 | 4 | 1 |
_3Table of contents _uhttp://www.loc.gov/catdir/enhancements/fy0655/97045333-t.html |
| 942 |
_2ddc _cBK |
||
| 999 |
_c15922 _d15922 |
||